• 首页
  • 本馆介绍
  • 公告通知
  • 最新文献
  • 馆藏检索
  • 电子资源
  • 读者导购
  • 参考咨询
  • 我的图书馆
  • 登录
  • 详细信息显示
  • 放入我的书架
  • 预约/预借图书
  • 作者相关作品
  • 分类相关作品
  • 丛书相关作品
  • 出版社相关作品

书目信息

  • 表格格式
  • 工作单格式
  • 卡片格式
题名:
唐宋东南区域史论
    
 
作者: 徐晓望 著
分册:  
出版信息: 北京   中国书籍出版社  2012
页数: 241页
开本: 24cm
丛书名: 中国书籍文库
单 册:
中图分类: K242.03
科图分类:
主题词: 文化史--研究--唐宋时期
电子资源:
ISBN: 978-7-5068-2986-1
000 00878nam0 2200253 450
001 339523
005 20150608151032.85
010    @a978-7-5068-2986-1@dCNY46.00
100    @a20131031d2012 em y0chiy50 ea
101 0  @achi
102    @aCN@b110000
105    @ay z 000yd
106    @ar
200 1  @a唐宋东南区域史论@Atang song dong nan qu yu shi lun@f徐晓望著
210    @a北京@c中国书籍出版社@d2012
215    @a241页@d24cm
225 1  @a中国书籍文库
330    @a本书揭示了唐宋时期东南区域文化的兴起过程及其历史地位。唐宋是东南区域大发展的时代, 三四百年间, 福建等东南区域从蛮荒区域发展为文化最发达的区域, 这一转变中, 北方移民南下和儒学的南传起了重要作用。
410  0 @12001 @a中国书籍文库
606 0  @a文化史@x研究@z唐宋时期
690    @aK242.03@v5
701  0 @a徐晓望@Axu xiao wang@f(1954)@4著
801  0 @aCN@b卓展宏图@c20150525
905    @dK242.03@e25@f4
    
    唐宋东南区域史论/徐晓望著.-北京:中国书籍出版社,2012
    241页;24cm.-(中国书籍文库)
    
    
    ISBN 978-7-5068-2986-1:CNY46.00
    本书揭示了唐宋时期东南区域文化的兴起过程及其历史地位。唐宋是东南区域大发展的时代, 三四百年间, 福建等东南区域从蛮荒区域发展为文化最发达的区域, 这一转变中, 北方移民南下和儒学的南传起了重要作用。
●
相关链接 在E读中查询图书 在五车中查询图书 在当当中查询图书 在豆瓣中查询图书


正题名:唐宋东南区域史论     索取号:K242.03/25         预约/预借

序号 登录号 条形码 馆藏地/架位号 状态 备注
1 858557   208585574   第二样本阅览室/ [索取号:K242.03/25] 在馆    
2 858558   208585583   第二借阅区/ [索取号:K242.03/25] 在馆    
3 858559   208585592   第二借阅区/ [索取号:K242.03/25] 在馆    
4 858560   208585609   第二借阅区/ [索取号:K242.03/25] 在馆    
唐山师范学院图书馆 欢迎您!
大连网信软件有限公司© 版权所有